[Event "Madrid-ch sf"]
[Site "Madrid"]
[Date "2016.02.22"]
[Round "7"]
[White "Fernandez Martinez, Jose"]
[Black "Lucia Carpintero, Oscar"]
[Result "1/2-1/2"]
[WhiteElo "1632"]
[BlackElo "1675"]
[PlyCount "79"]
[EventDate "2016.02.08"]
[EventType "swiss"]
[EventRounds "9"]
[EventCountry "ESP"]
[SourceTitle "CBM 171 Extra"]
[Source "ChessBase"]
[SourceDate "2016.04.26"]
[SourceVersion "1"]
[SourceVersionDate "2016.04.26"]
[SourceQuality "1"]

1. d4 Nf6 2. c4 e6 3. Nc3 d5 4. Nf3 Be7 5. Bf4 a6 6. e3 Nbd7 7. h3 0-0 8. Be2 dxc4 9. Bxc4 b5 10. Be2 Bb7 11. 0-0 c5 12. dxc5 Nxc5 13. Qxd8 Rfxd8 14. Rfd1 Nd5 15. Nxd5 Rxd5 16. Rxd5 Bxd5 17. b3 b4 18. Rc1 Ne4 19. Be5 a5 20. Bd4 a4 21. Bd3 axb3 22. axb3 Bf6 23. Bxf6 gxf6 24. Bc4 Rc8 25. Rc2 Bxc4 26. bxc4 b3 27. Rb2 Rxc4 28. Rxb3 Rc1+ 29. Kh2 Nxf2 30. Rb4 f5 31. Rb2 Nd1 32. Rb3 Rc3 33. Rxc3 Nxc3 34. Kg3 Kg7 35. Ng1 Kf6 36. Nf3 e5 37. Kf2 Ne4+ 38. Ke2 Ng5 39. Nd2 Ne6 40. g3 1/2-1/2

[Event "Madrid-ch sf"]
[Site "Madrid"]
[Date "2016.02.17"]
[Round "6"]
[White "Santamaria Baeza, Adolfo"]
[Black "Fernandez Martinez, Jose"]
[Result "1-0"]
[WhiteElo "1918"]
[BlackElo "1632"]
[PlyCount "99"]
[EventDate "2016.02.08"]
[EventType "swiss"]
[EventRounds "9"]
[EventCountry "ESP"]
[SourceTitle "CBM 171 Extra"]
[Source "ChessBase"]
[SourceDate "2016.04.26"]
[SourceVersion "1"]
[SourceVersionDate "2016.04.26"]
[SourceQuality "1"]

1. e4 e5 2. Nf3 Nc6 3. Bc4 Bc5 4. c3 Nf6 5. d3 d6 6. Bg5 0-0 7. Nbd2 a6 8. 0-0 Be6 9. b4 Bxc4 10. Nxc4 Ba7 11. Ne3 h6 12. Bh4 Bxe3 13. fxe3 Qe7 14. a4 Qe6 15. Bxf6 Qxf6 16. Nd4 Qd8 17. Nf5 Ne7 18. Qg4 Nxf5 19. Rxf5 Qd7 20. a5 Kh7 21. Qe2 Qe6 22. c4 c6 23. Raf1 Rac8 24. d4 exd4 25. exd4 Rce8 26. R1f4 f6 27. d5 Qd7 28. Qd3 Kg8 29. c5 dxc5 30. bxc5 Qd8 31. Qb3 Kh8 32. Qc3 cxd5 33. exd5 Re2 34. c6 bxc6 35. dxc6 Qc7 36. Rd4 Rfe8 37. Rf1 R2e6 38. Rc1 Rc8 39. Rc4 Re5 40. Rc5 Qa7 41. Kf1 Qc7 42. Rxe5 fxe5 43. Qc5 Qf7+ 44. Kg1 Qf6 45. c7 e4 46. Rf1 Qe6 47. Rf8+ Kh7 48. Rxc8 Qxc8 49. Qe7 Qg4 50. h3 1-0

[Event "Madrid-ch sf"]
[Site "Madrid"]
[Date "2016.02.08"]
[Round "1"]
[White "Fernandez Martinez, Jose"]
[Black "Perez Cameselle, Francisco Jose"]
[Result "0-1"]
[WhiteElo "1632"]
[BlackElo "1858"]
[PlyCount "84"]
[EventDate "2016.02.08"]
[EventType "swiss"]
[EventRounds "9"]
[EventCountry "ESP"]
[SourceTitle "CBM 171 Extra"]
[Source "ChessBase"]
[SourceDate "2016.04.26"]
[SourceVersion "1"]
[SourceVersionDate "2016.04.26"]
[SourceQuality "1"]

1. e4 e6 2. d4 d5 3. Nc3 Nf6 4. Bg5 dxe4 5. Nxe4 Be7 6. Nxf6+ Bxf6 7. Bxf6 Qxf6 8. Nf3 0-0 9. Bd3 c5 10. c3 cxd4 11. Nxd4 e5 12. Nb3 Nc6 13. 0-0 Bf5 14. Bxf5 Qxf5 15. Qe2 Rfd8 16. Rad1 b6 17. Rxd8+ Rxd8 18. Rd1 Rxd1+ 19. Qxd1 g6 20. h3 Qe6 21. Qd2 Kg7 22. Nc1 f5 23. b3 Kf6 24. h4 h5 25. Kf1 Ke7 26. Qg5+ Qf6 27. Qxf6+ Kxf6 28. Ke2 e4 29. g3 Ne5 30. Ke3 Ng4+ 31. Ke2 Ne5 32. Ke3 g5 33. hxg5+ Kxg5 34. a4 Ng4+ 35. Ke2 f4 36. Kf1 fxg3 37. fxg3 Ne3+ 38. Kf2 Nd1+ 39. Kg2 Nxc3 40. Kf2 Kg4 41. Kg2 a5 42. Kf2 Kh3 0-1

[Event "Madrid-ch Seniors"]
[Site "Madrid"]
[Date "2016.01.23"]
[Round "2"]
[White "Carcasona Beltran, Jose Maria"]
[Black "Fernandez Martinez, Jose"]
[Result "1-0"]
[WhiteElo "1126"]
[BlackElo "1632"]
[PlyCount "47"]
[EventDate "2016.01.22"]
[EventType "swiss"]
[EventRounds "7"]
[EventCountry "ESP"]
[SourceTitle "EXT 2017"]
[Source "ChessBase"]
[SourceDate "2016.10.25"]
[SourceVersion "1"]
[SourceVersionDate "2016.10.25"]
[SourceQuality "1"]

1. e4 e5 2. Nf3 Nc6 3. Bc4 Bc5 4. 0-0 Nf6 5. d3 0-0 6. Nc3 h6 7. Re1 a6 8. Be3 d6 9. h3 Na5 10. Nd5 Nxc4 11. Nxf6+ Qxf6 12. dxc4 Bxe3 13. Rxe3 Bd7 14. Nh2 Bc6 15. Qg4 Bd7 16. Qxd7 Qd8 17. Qg4 Qe8 18. Rg3 g6 19. f4 exf4 20. Qxf4 Qe5 21. Qh4 Rae8 22. Ng4 Qg7 23. Nxh6+ Kh7 24. Nf5+ 1-0

[Event "Collado Villalba op-B 32nd"]
[Site "Collado Villalba"]
[Date "2015.08.26"]
[Round "5"]
[White "Fernandez Martinez, Jose"]
[Black "Fernandez Garcia, Emiliano"]
[Result "0-1"]
[WhiteElo "1701"]
[BlackElo "1534"]
[PlyCount "74"]
[EventDate "2015.08.22"]
[EventType "swiss"]
[EventRounds "9"]
[EventCountry "ESP"]
[SourceTitle "EXT 2016"]
[Source "ChessBase"]
[SourceDate "2015.10.08"]
[SourceVersion "1"]
[SourceVersionDate "2015.10.08"]
[SourceQuality "1"]

1. e4 c5 2. Nf3 e6 3. d4 cxd4 4. Nxd4 a6 5. Nc3 Qc7 6. Be3 Nf6 7. a3 Be7 8. Be2 b5 9. f3 Bb7 10. 0-0 0-0 11. Qd2 Nc6 12. Rac1 Rfe8 13. Na2 Bd6 14. g3 Ne7 15. c4 Bxg3 16. hxg3 Qxg3+ 17. Kh1 Ng6 18. Bd3 bxc4 19. Rxc4 Rac8 20. Rxc8 Rxc8 21. Qh2 Qxh2+ 22. Kxh2 d5 23. Nc3 Ne5 24. Be2 dxe4 25. fxe4 Neg4+ 26. Bxg4 Nxg4+ 27. Kg3 Nxe3 28. Rf2 Nc4 29. Nf3 h6 30. Re2 Rd8 31. Kf2 g5 32. Nh2 Kg7 33. Ng4 h5 34. Ne3 Ne5 35. Kf1 Kg6 36. Nc2 g4 37. Ne3 Kg5 0-1

[Event "Collado Villalba op-B 32nd"]
[Site "Collado Villalba"]
[Date "2015.08.25"]
[Round "4"]
[White "Suarez Prieto, Leopoldo"]
[Black "Fernandez Martinez, Jose"]
[Result "1-0"]
[WhiteElo "1646"]
[BlackElo "1701"]
[PlyCount "73"]
[EventDate "2015.08.22"]
[EventType "swiss"]
[EventRounds "9"]
[EventCountry "ESP"]
[SourceTitle "EXT 2016"]
[Source "ChessBase"]
[SourceDate "2015.10.08"]
[SourceVersion "1"]
[SourceVersionDate "2015.10.08"]
[SourceQuality "1"]

1. e4 e5 2. Bc4 Nf6 3. f4 Nc6 4. a3 d6 5. f5 Nxe4 6. d3 Nf6 7. g4 h6 8. c3 Be7 9. Be3 0-0 10. Nh3 Na5 11. Ba2 c5 12. Qf3 Bd7 13. Qg3 Nh7 14. Bf2 Nc6 15. Nd2 Nb8 16. Rg1 Bc6 17. Ne4 Nd7 18. g5 Bxe4 19. dxe4 Nxg5 20. Nxg5 Bxg5 21. h4 Bf6 22. Qg6 Kh8 23. Bxf7 Qe7 24. Bd5 Rab8 25. 0-0-0 b5 26. Rg2 a5 27. Rdg1 b4 28. Be3 Qe8 29. Qg4 bxa3 30. bxa3 Qd8 31. Qd1 Qb6 32. Ba2 Qc6 33. Bd5 Qc7 34. Rg6 Nb6 35. Ba2 Qc6 36. Bxh6 Qa4 37. Bxg7+ 1-0

[Event "Collado Villalba op-B 32nd"]
[Site "Collado Villalba"]
[Date "2015.08.24"]
[Round "3"]
[White "Fernandez Martinez, Jose"]
[Black "Merino Conrado, Ricardo"]
[Result "1/2-1/2"]
[WhiteElo "1701"]
[BlackElo "1468"]
[PlyCount "150"]
[EventDate "2015.08.22"]
[EventType "swiss"]
[EventRounds "9"]
[EventCountry "ESP"]
[SourceTitle "EXT 2016"]
[Source "ChessBase"]
[SourceDate "2015.10.08"]
[SourceVersion "1"]
[SourceVersionDate "2015.10.08"]
[SourceQuality "1"]

1. e4 c5 2. Nf3 Nc6 3. d4 cxd4 4. Nxd4 g6 5. Be3 Bg7 6. Nc3 d6 7. Be2 Nf6 8. 0-0 0-0 9. h3 Kh8 10. Qd2 Ng8 11. Rad1 Bd7 12. Nd5 Nxd4 13. Bxd4 Bxd4 14. Qxd4+ f6 15. c4 h5 16. Nc3 Nh6 17. c5 Kh7 18. cxd6 e6 19. f4 a6 20. Bd3 Rg8 21. e5 f5 22. Qf2 Rg7 23. a3 g5 24. fxg5 Rxg5 25. Rd2 Bc6 26. Qe3 Qg8 27. Rff2 Qg7 28. Bf1 Rg3 29. Qd4 Rg8 30. d7 Rd8 31. Qh4 Rg5 32. Qf4 Nf7 33. Rfe2 Rxd7 34. Rxd7 Bxd7 35. Qd2 Bc6 36. Re3 f4 37. Bd3+ Kh6 38. Re2 Rxe5 39. Qxf4+ Qg5 40. Qxg5+ Kxg5 41. Rxe5+ Nxe5 42. Be4 Kf4 43. Bxc6 Nxc6 44. Kf2 e5 45. Ne2+ Kg5 46. Ke3 h4 47. Ke4 a5 48. Nc1 Kf6 49. Nd3 b6 50. Kd5 Ne7+ 51. Ke4 Ke6 52. b4 axb4 53. axb4 Ng6 54. Ne1 b5 55. Nf3 Kd6 56. Ne1 Nf4 57. Nf3 Nd5 58. Nxe5 Nxb4 59. Nf3 Kc5 60. Nxh4 Kc4 61. Nf3 Kc3 62. Nd4 Kc4 63. Nxb5 Kxb5 64. g4 Kc6 65. Kf5 Kd6 66. Kf6 Nd5+ 67. Kf7 Ke5 68. h4 Nf4 69. g5 Kf5 70. Kg7 Nh5+ 71. Kh6 Nf4 72. h5 Ne6 73. g6 Kf6 74. Kh7 Nf8+ 75. Kh6 Ne6 1/2-1/2

[Event "Madrid-ch Previa-A"]
[Site "Madrid"]
[Date "2013.02.18"]
[Round "7"]
[White "Redondo Garcia, Jose Luis"]
[Black "Fernandez Martinez, Jose"]
[Result "1-0"]
[WhiteElo "1812"]
[BlackElo "1707"]
[PlyCount "95"]
[EventDate "2013.02.04"]
[EventType "swiss"]
[EventRounds "9"]
[EventCountry "ESP"]
[SourceTitle "EXT 2018"]
[Source "ChessBase"]
[SourceDate "2017.10.13"]
[SourceVersion "1"]
[SourceVersionDate "2017.10.13"]
[SourceQuality "1"]

1. c4 e5 2. g3 Nc6 3. Bg2 Nf6 4. a3 d6 5. Nc3 Be7 6. e3 0-0 7. Nge2 Bg4 8. f3 Be6 9. d3 d5 10. cxd5 Nxd5 11. 0-0 Qd7 12. Qc2 Bc5 13. Nxd5 Qxd5 14. f4 Qd6 15. b4 Bb6 16. Kh1 Rad8 17. f5 Bc8 18. Be4 Ne7 19. Nc3 c6 20. Na4 Nd5 21. Nxb6 Nxb6 22. Qc5 Qxc5 23. bxc5 Nd7 24. Bb2 Nxc5 25. Bxe5 Nxe4 26. dxe4 Rfe8 27. Rad1 f6 28. Bc7 Rxd1 29. Rxd1 Kf7 30. Rd8 Rxd8 31. Bxd8 Ke8 32. Bc7 Ke7 33. Kg2 c5 34. Bb8 c4 35. Kf2 a6 36. e5 fxe5 37. Bxe5 Kf7 38. Bc3 g6 39. e4 Bd7 40. Ke3 b6 41. g4 h5 42. h3 hxg4 43. hxg4 gxf5 44. gxf5 b5 45. Kf4 Bc6 46. e5 Bb7 47. e6+ Ke7 48. Ke5 1-0

[Event "Madrid-ch Previa-A"]
[Site "Madrid"]
[Date "2012.02.13"]
[Round "4"]
[White "Fernandez Martinez, Jose"]
[Black "Fernandez Garcia, Ignacio"]
[Result "0-1"]
[WhiteElo "1749"]
[BlackElo "1903"]
[PlyCount "66"]
[EventDate "2012.02.06"]
[EventType "swiss"]
[EventRounds "9"]
[EventCountry "ESP"]
[SourceTitle "CBM 147 Extra"]
[Source "ChessBase"]
[SourceDate "2012.04.24"]
[SourceVersion "1"]
[SourceVersionDate "2012.04.24"]
[SourceQuality "1"]

1. d4 d6 2. c4 g6 3. Nc3 Bg7 4. e4 Nf6 5. Nf3 0-0 6. Be2 Nc6 7. 0-0 Bg4 8. h3 Bd7 9. Be3 Qc8 10. Rc1 e5 11. dxe5 dxe5 12. a3 h6 13. Qc2 g5 14. Rfd1 g4 15. hxg4 Nxg4 16. Bc5 Re8 17. Nd5 b6 18. Be3 Nd8 19. Bd2 Ne6 20. Nh4 Nd4 21. Qd3 Qd8 22. Nf5 Bxf5 23. exf5 e4 24. Qh3 Nxe2+ 25. Kf1 Nxf2 26. Kxf2 Nxc1 27. Bxc1 Qd6 28. Qg4 Kh8 29. Rh1 e3+ 30. Bxe3 Rxe3 31. Nxe3 Qe5 32. Nd1 Re8 33. Nc3 Qe3+ 0-1

[Event "Madrid-ch Previa-A"]
[Site "Madrid"]
[Date "2010.11.22"]
[Round "6"]
[White "Fernandez Martinez, Jose"]
[Black "Algaba Traspuesto, Jose Antonio"]
[Result "0-1"]
[WhiteElo "1794"]
[BlackElo "1717"]
[PlyCount "96"]
[EventDate "2010.11.10"]
[EventType "swiss"]
[EventRounds "9"]
[EventCountry "ESP"]
[SourceTitle "EXT 2012"]
[Source "ChessBase"]
[SourceDate "2011.11.24"]
[SourceVersion "1"]
[SourceVersionDate "2011.11.24"]
[SourceQuality "1"]

1. e4 Nf6 2. Nc3 d5 3. e5 d4 4. exf6 dxc3 5. fxg7 cxd2+ 6. Qxd2 Qxd2+ 7. Bxd2 Bxg7 8. 0-0-0 Bd7 9. Bc4 Nc6 10. f3 e6 11. Nh3 h6 12. Nf2 0-0-0 13. Rhe1 Ne7 14. Ne4 Bc6 15. Bc3 Bxc3 16. Nxc3 Nf5 17. Rxd8+ Rxd8 18. Rd1 Ne3 19. Rxd8+ Kxd8 20. Bd3 Nxg2 21. Be4 Kd7 22. Kd2 f5 23. Bxc6+ Kxc6 24. Ne2 Kc5 25. f4 Kd5 26. Nc3+ Kc5 27. Ne2 a6 28. c3 Kd5 29. Kd3 e5 30. fxe5 Kxe5 31. Nd4 Nf4+ 32. Ke3 Ne6 33. Nf3+ Kf6 34. Kd3 Ng5 35. Nd4 Ke5 36. Ke3 f4+ 37. Kf2 Ke4 38. Nb3 b6 39. Nd4 f3 40. Nc2 Nh3+ 41. Kf1 c5 42. Ne1 f2 43. Nc2 Kd3 44. Na3 b5 45. b4 c4 46. Nxb5 axb5 47. a4 Nf4 48. axb5 Nd5 0-1

[Event "Madrid-ch Previa-A"]
[Site "Madrid"]
[Date "2010.11.17"]
[Round "5"]
[White "De Dompablo Fantova, Juan"]
[Black "Fernandez Martinez, Jose"]
[Result "1/2-1/2"]
[WhiteElo "1755"]
[BlackElo "1794"]
[PlyCount "145"]
[EventDate "2010.11.10"]
[EventType "swiss"]
[EventRounds "9"]
[EventCountry "ESP"]
[SourceTitle "EXT 2012"]
[Source "ChessBase"]
[SourceDate "2011.11.24"]
[SourceVersion "1"]
[SourceVersionDate "2011.11.24"]
[SourceQuality "1"]

1. c4 Nf6 2. g3 e6 3. Bg2 d5 4. Nf3 Bd6 5. 0-0 0-0 6. d4 dxc4 7. Qc2 Nc6 8. Qxc4 e5 9. dxe5 Nxe5 10. Nxe5 Bxe5 11. Qc2 c6 12. Nc3 Be6 13. h3 Qe7 14. Be3 Rfd8 15. Rfd1 a6 16. Na4 Rxd1+ 17. Rxd1 Rd8 18. Rxd8+ Qxd8 19. Nc5 Bc8 20. g4 h6 21. f4 Bc7 22. Nd3 Nd5 23. Bd2 Bb6+ 24. Nc5 Qd6 25. b4 Nxf4 26. Bxf4 Qxf4 27. Qc3 Qd6 28. Qe3 Be6 29. a3 Qd1+ 30. Kf2 Qd6 31. Bf3 a5 32. Kg2 axb4 33. axb4 Bd5 34. Qc3 Bxc5 35. bxc5 Qe6 36. e4 Bxe4 37. Qb2 Bxf3+ 38. Kxf3 Qd5+ 39. Kg3 Qd3+ 40. Kg2 Qb5 41. Qe5 Qb3 42. Qe8+ Kh7 43. Qe4+ g6 44. Qe7 Qb2+ 45. Kf3 Qc3+ 46. Kg2 Kg7 47. Qxb7 Qxc5 48. Qb2+ Kg8 49. Qb8+ Qf8 50. Qc7 Qe8 51. Qd6 Qe6 52. Qd8+ Kh7 53. Qc7 Qd5+ 54. Kf1 c5 55. Ke2 Kg7 56. Kf1 c4 57. Ke1 Qd4 58. Qa5 c3 59. Qa2 Qd2+ 60. Qxd2 cxd2+ 61. Kxd2 Kf6 62. Ke3 Ke5 63. h4 f6 64. Kf3 f5 65. gxf5 Kxf5 66. Kg3 h5 67. Kf3 g5 68. hxg5 Kxg5 69. Kg3 h4+ 70. Kh3 Kh5 71. Kh2 Kg4 72. Kg2 h3+ 73. Kh2 1/2-1/2

[Event "Madrid-ch Seniors 0809"]
[Site "Madrid"]
[Date "2009.02.16"]
[Round "6"]
[White "Hernandez del Can, Jose Alberto"]
[Black "Fernandez Martinez, Jose"]
[Result "0-1"]
[WhiteElo "1848"]
[BlackElo "1775"]
[PlyCount "68"]
[EventDate "2009.02.09"]
[EventType "swiss"]
[EventRounds "9"]
[EventCountry "ESP"]
[SourceTitle "CBM 128 Extra"]
[Source "ChessBase"]
[SourceDate "2009.03.05"]
[SourceVersion "2"]
[SourceVersionDate "2009.03.25"]
[SourceQuality "1"]

1. c4 Nf6 2. Nc3 e6 3. d4 Bb4 4. Bd2 0-0 5. Nf3 d5 6. e3 c6 7. Be2 Nbd7 8. a3 Bd6 9. cxd5 exd5 10. 0-0 Re8 11. Qc2 Ne4 12. Rfd1 Ndf6 13. h3 Nxd2 14. Nxd2 Qe7 15. Bf3 Be6 16. e4 dxe4 17. Ndxe4 Bf5 18. Nxf6+ Qxf6 19. Qd2 Qg6 20. Kf1 Bc7 21. Be2 Qd6 22. f4 Rad8 23. Bc4 Bb6 24. Ne2 Re4 25. Ng3 Rxd4 26. Nxf5 Rxd2 27. Nxd6 R2xd6 28. Rxd6 Rxd6 29. Re1 Kf8 30. g4 Rd4 31. b3 Rxf4+ 32. Kg2 Rf2+ 33. Kg3 Ra2 34. a4 Bf2+ 0-1

[Event "Mostoles Bicentenary op"]
[Site "Mostoles"]
[Date "2008.05.22"]
[Round "3"]
[White "Fernandez Martinez, Jose"]
[Black "Keller, August"]
[Result "1-0"]
[WhiteElo "1785"]
[BlackElo "1839"]
[PlyCount "67"]
[EventDate "2008.05.20"]
[EventType "swiss"]
[EventRounds "9"]
[EventCountry "ESP"]
[SourceTitle "CBM 124 Extra"]
[Source "ChessBase"]
[SourceDate "2008.07.03"]
[SourceVersion "1"]
[SourceVersionDate "2008.07.03"]
[SourceQuality "1"]

1. e4 c5 2. Nf3 d6 3. d4 cxd4 4. Nxd4 Nf6 5. Nc3 Nc6 6. Be2 g6 7. Be3 Bg7 8. 0-0 0-0 9. h3 Bd7 10. f4 Nxd4 11. Bxd4 Bc6 12. Bf3 Qc7 13. Nd5 Bxd5 14. exd5 b5 15. c3 a5 16. a3 a4 17. Re1 Rfe8 18. Re2 Qc4 19. Qd2 Nd7 20. Bxg7 Kxg7 21. Rae1 Kf8 22. Re4 Qc5+ 23. Kh1 Nf6 24. R4e2 Rac8 25. f5 Rc7 26. fxg6 hxg6 27. Qh6+ Kg8 28. Qg5 Kg7 29. h4 e6 30. dxe6 Qxg5 31. hxg5 Ng8 32. exf7 Rxe2 33. fxg8Q+ Kxg8 34. Rxe2 1-0

[Event "Madrid-ch Seniors"]
[Site "Madrid"]
[Date "2008.02.13"]
[Round "7"]
[White "Fernandez Martinez, Jose"]
[Black "Leniz Martinez, Francisco"]
[Result "0-1"]
[WhiteElo "1785"]
[BlackElo "1904"]
[PlyCount "62"]
[EventDate "2008.02.05"]
[EventType "swiss"]
[EventRounds "7"]
[EventCountry "ESP"]
[SourceTitle "EXT 2010"]
[Source "ChessBase"]
[SourceDate "2010.11.25"]
[SourceVersion "1"]
[SourceVersionDate "2010.11.25"]
[SourceQuality "1"]

1. e4 c5 2. Nf3 e6 3. d4 cxd4 4. Nxd4 a6 5. Nc3 Qc7 6. Bd3 Nc6 7. Nxc6 dxc6 8. 0-0 Nf6 9. Be3 Be7 10. f4 b5 11. Ne2 c5 12. c4 bxc4 13. Bc2 Bb7 14. Ng3 h5 15. Ba4+ Bc6 16. Qc2 Bb5 17. Qxc4 Qc6 18. Bxb5 axb5 19. Qc2 h4 20. Ne2 Ng4 21. Bd2 c4 22. b4 Qb6+ 23. Kh1 Nf2+ 24. Kg1 Nxe4+ 25. Kh1 Nf2+ 26. Kg1 Nd3+ 27. Kh1 h3 28. Rf3 hxg2+ 29. Kxg2 Qb7 30. Be3 Rxh2+ 31. Kxh2 Qxf3 0-1

[Event "Madrid-ch Seniors"]
[Site "Madrid"]
[Date "2008.02.12"]
[Round "6"]
[White "Corredor Gonzalez, Angel L"]
[Black "Fernandez Martinez, Jose"]
[Result "0-1"]
[WhiteElo "1817"]
[BlackElo "1785"]
[PlyCount "78"]
[EventDate "2008.02.05"]
[EventType "swiss"]
[EventRounds "7"]
[EventCountry "ESP"]
[SourceTitle "EXT 2010"]
[Source "ChessBase"]
[SourceDate "2010.11.25"]
[SourceVersion "1"]
[SourceVersionDate "2010.11.25"]
[SourceQuality "1"]

1. e4 e5 2. Nf3 d6 3. d4 Nd7 4. Nc3 exd4 5. Nxd4 a6 6. Bc4 Ngf6 7. 0-0 Ne5 8. Bb3 Be7 9. f4 Ned7 10. Nf5 0-0 11. Qe1 Nc5 12. Nxe7+ Qxe7 13. e5 Nxb3 14. axb3 Re8 15. Qg3 dxe5 16. fxe5 Qxe5 17. Bf4 Qc5+ 18. Kh1 Nh5 19. Qf3 Nxf4 20. Qxf4 Be6 21. Rae1 Rad8 22. Re5 Qc6 23. b4 b6 24. Re2 Bc4 25. Rxe8+ Rxe8 26. Rd1 h6 27. h3 Be6 28. Kh2 Kf8 29. Rd2 f6 30. Ne2 Qc4 31. Nd4 Bf7 32. b3 Qc3 33. Rd3 Qe1 34. Qxc7 Qxb4 35. Nc6 Qc5 36. Rd7 Bd5 37. Rd6 Bxg2 38. Kxg2 Re2+ 39. Kf1 Qf2# 0-1

[Event "Moratalaz op 19th"]
[Site "Madrid"]
[Date "2006.09.19"]
[Round "2"]
[White "Fernandez Martinez, Jose"]
[Black "Coleto Calderon, Jose Antonio"]
[Result "0-1"]
[WhiteElo "1829"]
[BlackElo "2128"]
[PlyCount "86"]
[EventDate "2006.09.18"]
[EventType "swiss"]
[EventRounds "9"]
[EventCountry "ESP"]
[SourceTitle "CBM 114 Extra"]
[Source "ChessBase"]
[SourceDate "2006.11.03"]
[SourceVersion "1"]
[SourceVersionDate "2006.11.03"]
[SourceQuality "1"]

1. Nf3 Nf6 2. c4 e6 3. Nc3 Bb4 4. Qc2 b6 5. a3 Bxc3 6. Qxc3 Bb7 7. d3 d6 8. g3 Nbd7 9. Bg2 0-0 10. 0-0 Re8 11. b4 c5 12. Bb2 e5 13. Rad1 Qe7 14. e4 Nf8 15. Nh4 g6 16. f4 Nh5 17. fxe5 dxe5 18. Nf3 f6 19. Ne1 Ng7 20. Nc2 Nge6 21. Qd2 Red8 22. Qf2 Nd7 23. Bh3 Rf8 24. Qe3 Nd4 25. Nxd4 exd4 26. Qd2 Ne5 27. Bg2 Qc7 28. Rf4 Rad8 29. Rdf1 Rd6 30. b5 Bc8 31. a4 Qe7 32. a5 bxa5 33. Ra1 Qc7 34. Bf1 Rf7 35. Be2 Kg7 36. Qxa5 Rb6 37. Qd2 Bh3 38. Rh4 Bc8 39. Rf4 h5 40. Bc1 Kg8 41. Rf2 Rh7 42. Qf4 Bg4 43. Bxg4 hxg4 0-1

[Event "Madrid-chB"]
[Site "Madrid"]
[Date "2000.??.??"]
[Round "4"]
[White "Fernandez Martinez, Jose"]
[Black "Ortega Morales, Pedro"]
[Result "1/2-1/2"]
[WhiteElo "1845"]
[BlackElo "1940"]
[PlyCount "109"]
[EventDate "2000.??.??"]
[EventType "swiss"]
[EventRounds "9"]
[EventCountry "ESP"]
[SourceTitle "EXT 2003"]
[Source "ChessBase"]
[SourceDate "2002.11.25"]
[SourceVersion "1"]
[SourceVersionDate "2002.11.25"]
[SourceQuality "1"]

1. d4 d5 2. c4 Nf6 3. Nc3 e6 4. Bg5 Be7 5. Nf3 h6 6. Bh4 0-0 7. e3 a6 8. cxd5 exd5 9. Be2 Re8 10. 0-0 Nbd7 11. Rc1 c6 12. a3 a5 13. Bg3 Ne4 14. Nxd5 Nxg3 15. Nxe7+ Qxe7 16. hxg3 Nf6 17. Ne5 Be6 18. Qc2 a4 19. Bc4 Ng4 20. Bxe6 Qxe6 21. Nxg4 Qxg4 22. Qc5 Qd7 23. Qb4 Qe7 24. Qc5 Qc7 25. Qb4 Ra5 26. Qd2 Rd5 27. Qe2 Qa5 28. Rc3 Qb6 29. Rc2 Rb5 30. Re1 Rd8 31. Rd1 Rdd5 32. Rdd2 Rb3 33. Qc4 Ra5 34. Qe2 Rab5 35. g4 Qd8 36. Rd3 Rxd3 37. Qxd3 h5 38. gxh5 Qh4 39. g3 Qxh5 40. Qe2 Qh7 41. g4 Qh4 42. f3 Qg3+ 43. Kf1 Rb3 44. Qf2 Qh3+ 45. Ke1 Qh1+ 46. Kd2 Qb1 47. Qe1 Rxb2 48. Qxb1 Rxb1 49. Rc4 Rb2+ 50. Kd1 Rb3 51. Rxa4 Rxe3 52. f4 Re4 53. Ra7 Rxd4+ 54. Ke2 b5 55. Kf3 1/2-1/2